NBA Big Threes - Statistics

General Stats
  • This quiz has been taken 27 times
  • The average score is 47 of 90
Answer Stats
Hint Answer % Correct
Nets1. Kevin Durant
88%
2. Kevin Durant
88%
Thunder1. Kevin Durant
88%
Suns1. Kevin Durant
88%
Cavaliers1. LeBron James
88%
Heat1. LeBron James
88%
3. James Harden
83%
3. James Harden
83%
Bulls1. Michael Jordan
83%
2. Scottie Pippen
79%
Magic1. Shaquille O'Neal
79%
2. Kyrie Irving
75%
2. Kyrie Irving
75%
Lakers1. Magic Johnson
75%
Warriors1. Stephen Curry
75%
3. DeAndre Jordan
71%
3. Dennis Rodman
71%
2. Dwyane Wade
71%
2. Kareem Abdul-Jabbar
71%
Timberwolves1. Kevin Garnett
71%
3. Kevin Love
71%
Celtics1. Larry Bird
71%
2. Russell Westbrook
71%
Spurs1. Tim Duncan
71%
3. Chris Bosh
67%
Clippers1. Chris Paul
67%
2. Devin Booker
67%
Nuggets1. Nikola Jokic
67%
Hawks1. Dominique Wilkins
63%
Rockets1. Hakeem Olajuwon
63%
2. Julius Erving
63%
2. Karl Malone
63%
3. Klay Thompson
63%
2. Larry Johnson
63%
3. Manu Ginobili
63%
Grizzlies1. Marc Gasol
63%
76ers1. Moses Malone
63%
2. Penny Hardaway
63%
2. Tony Parker
63%
2. Blake Griffin
58%
2. Clyde Drexler
58%
Trailblazers1. Clyde Drexler
58%
Bucks1. Giannis Antetokounmpo
58%
Pistons1. Isiah Thomas
58%
2. Jamal Murray
58%
2. Jason Kidd
58%
Raptors1. Kawhi Leonard
58%
2. Khris Middleton
58%
Mavericks1. Dirk Nowitzki
54%
Jazz1. John Stockton
54%
3. Jrue Holiday
54%
2. Jrue Holiday
54%
2. Kyle Lowry
54%
3. James Worthy
50%
2. Kevin McHale
50%
2. Pascal Siakam
50%
3. Pascal Siakam
50%
3. Robert Parish
50%
Pelicans1. Anthony Davis
46%
Knicks1. Patrick Ewing
46%
Pacers1. Tyrese Haliburton
46%
3. Aaron Gordon
42%
3. Eric Gordon
42%
2. Joe Dumars
42%
3. Charles Barkley
38%
Kings1. Chris Webber
38%
3. Jason Terry
38%
Wizards1. Gilbert Arenas
33%
3. Myles Turner
33%
3. Mike Bibby
29%
3. Mike Conley
29%
3. Sam Cassel
29%
3. Terry Porter
29%
2. Zach Randolph
29%
Hornets1. Alonzo Mourning
25%
3. Bill Laimbeer
25%
3. Deandre Ayton
25%
2. John Starks
21%
3. Doc Rivers
17%
3. Muggsy Bogues
17%
2. Caron Butler
13%
3. Charles Oakley
13%
2. Latrell Sprewell
13%
3. Maurice Cheeks
13%
3. Nick Anderson
13%
3. Antawn Jamison
8%
2. Kevin Willis
8%
2. Peja Stojakovic
8%
3. Jeff Hornacek
4%
2. Jerome Kersey
4%
No matching quizzes found
Score Distribution
Percent of People with Each Score
Percentile by Number Answered
Your Score History
You have not taken this quiz